00394cam a22001217a 4500008004000000082001700040100002300057245007600080260004700156300001300203650004000216700001600256180718b1971 xxu||||| |||| 00| 0 eng d aB131x54 T154 aTaneja, Kusum Lata aMorphology of Indian citiescby Kusum Lata Taneja; edited by R.L. Singh aVaranasibSilver Jubilee Publicationc1971 axv, 169p aCities and towns - India - History. aSingh, R.L.